• 首页
  • 本馆介绍
  • 公告通知
  • 最新文献
  • 馆藏检索
  • 电子资源
  • 读者导购
  • 参考咨询
  • 我的图书馆
  • 登录
  • 详细信息显示
  • 放入我的书架
  • 预约/预借图书
  • 作者相关作品
  • 分类相关作品
  • 丛书相关作品
  • 出版社相关作品

书目信息

  • 表格格式
  • 工作单格式
  • 卡片格式
题名:
化工百科全书
    
 
作者: 《化工百科全书》编辑委员会 编
分册: 第12卷   木材和林产化学品-前列腺素
出版信息: 北京   化学工业出版社  1996
页数: 1023页
开本: 16开
丛书名:
单 册:
中图分类: TQ-61
科图分类:
主题词: 化学工业
电子资源:
ISBN: 7-5025-0849-X
000 00749nam0 2200205 45
001 0110151523
005 20031219104051.1
010    @a7-5025-0849-X@b精装@dCNY107.00
100    @a20011015d1996 km y0chiy0120 ea
101 0  @achi
105    @a z 000yy
200 1  @a化工百科全书@h第12卷@i木材和林产化学品-前列腺素@AHua Gong Bai Ke Quan Shu@f《化工百科全书》编辑委员会等编@F《Hua Gong Bai Ke Quan Shu》Bian Ji Wei Yuan Hui Deng Bian
210    @a北京@c化学工业出版社@d1996
215    @a1023页@d16开
517    @a木材和林产化学品-前列腺素@AMu Cai He Lin Chan Hua Xue Pin-Qian Lie Xian Su
606 0  @a化学工业
690    @aTQ-61@v4
701    @a《化工百科全书》编辑委员会@4编
801    @aCN@bTSTC@c20011015
905    @f5@b299455-459@dTQ-61@e17:12
    
    化工百科全书.第12卷.木材和林产化学品-前列腺素/《化工百科全书》编辑委员会等编.-北京:化学工业出版社,1996
    1023页;16开
    
    
    ISBN 7-5025-0849-X(精装):CNY107.00
    
●
相关链接 在E读中查询图书 在五车中查询图书 在当当中查询图书 在豆瓣中查询图书


正题名:化工百科全书     索取号:TQ-61/17:12         预约/预借

序号 登录号 条形码 馆藏地/架位号 状态 备注
1 0299455   202994554   密集书库/ [索取号:TQ-61/17:12] 在馆    
2 0299456   202994563   工具书阅览室/ [索取号:TQ-61/17:12] 在馆    
3 0299457   202994572   密集书库/ [索取号:TQ-61/17:12] 在馆    
4 0299458   202994581   密集书库/ [索取号:TQ-61/17:12] 在馆    
5 0299459   202994590   第二样本阅览室/ [索取号:TQ-61/17:12] 在馆    
唐山师范学院图书馆 欢迎您!
大连网信软件有限公司© 版权所有